Nube de noviembre / (Registro nro. 12055)

Detalles MARC
000 -LEADER
fixed length control field 00940nam a22003137a 4500
001 - CONTROL NUMBER
control field 0011826
003 - CONTROL NUMBER IDENTIFIER
control field DO-SdBNP
005 - DATE AND TIME OF LATEST TRANSACTION
control field 20180209113013.0
007 - PHYSICAL DESCRIPTION FIXED FIELD--GENERAL INFORMATION
fixed length control field 0011826
008 - FIXED-LENGTH DATA ELEMENTS--GENERAL INFORMATION
fixed length control field 161125b 1998 sp||||| |||| 00| 0 spa d
020 ## - INTERNATIONAL STANDARD BOOK NUMBER
International Standard Book Number 9788434808607
040 ## - CATALOGING SOURCE
Original cataloging agency BPMSU
Language of cataloging spa
Transcribing agency BPMSU
100 1# - MAIN ENTRY--PERSONAL NAME
Personal name Ruben, Hilary
245 10 - TITLE STATEMENT
Title Nube de noviembre /
Statement of responsibility, etc. Hilary Ruben ; ilustración Irene Bordoy ; traducción Eduardo Martínez
250 ## - EDITION STATEMENT
Edition statement 21a. ed.
260 ## - PUBLICATION, DISTRIBUTION, ETC. (IMPRINT)
Place of publication, distribution, etc. Madrid :
Name of publisher, distributor, etc. Ediciones SM,
Date of publication, distribution, etc. 1998.
300 ## - PHYSICAL DESCRIPTION
Extent 137 p. :
Other physical details il. ;
Dimensions 19 cm.
490 1# - SERIES STATEMENT
Series statement El barco de vapor.
Volume/sequential designation 2
500 ## - GENERAL NOTE
General note A partir de 9 años
521 1# - TARGET AUDIENCE NOTE
Target audience note A partir de los 9 años
700 12 - ADDED ENTRY--PERSONAL NAME
Personal name Bordoy, Irene,
Relator term il.
700 12 - ADDED ENTRY--PERSONAL NAME
Personal name Martínez, Eduardo,
Relator term trad.
700 12 - ADDED ENTRY--PERSONAL NAME
Personal name Terzi, Marinella
Relator term dir. colección
830 #0 - SERIES ADDED ENTRY--UNIFORM TITLE
Uniform title Barco de vapor
Number of part/section of a work 2
942 ## - ADDED ENTRY ELEMENTS (KOHA)
Source of classification or shelving scheme Dewey Decimal Classification
Koha item type Libros
945 ## - LOCAL PROCESSING INFORMATION (OCLC)
a Inventariado, 2018 /LP
956 ## - LOCAL ELECTRONIC LOCATION AND ACCESS (OCLC)
Host name Yngrid Lockward
Access number 10
956 ## - LOCAL ELECTRONIC LOCATION AND ACCESS (OCLC)
Host name BTAVÁREZ
Access number 10
Compression information 20161125
Path 0011826
Existencias
Withdrawn status Lost status Source of classification or shelving scheme Damaged status Not for loan Collection code Home library Current library Date acquired Source of acquisition Total Checkouts Barcode Date last seen Price effective from Koha item type
    Dewey Decimal Classification     Colección Infantil General Biblioteca Pública Metropolitana Salomé Ureña Biblioteca Pública Metropolitana Salomé Ureña 11/25/2016 FUNDI   BPMSU16111557 11/25/2016 11/25/2016 Libros